Diccionario de teoría crítica y estudios culturales

Spremljeno u:
Bibliografski detalji
Glavni autor: Payne, Michael (autor)
Format: Knjiga
Jezik:španjolski
Izdano: Buenos Aires Paidós 2002
Teme:
Oznake: Dodaj oznaku
Bez oznaka, Budi prvi tko označuje ovaj zapis!

MARC

LEADER 00000nam a2200000 a 4500
001 UCM8229
003 CL-VaPUC
008 030228e20020000AG |||||||||||||||||spa|d
082 0 4 |a 300.3  |b PAY  |2 21 
100 |a Payne, Michael  |e autor  |9 474207 
245 1 0 |a Diccionario de teoría crítica y estudios culturales 
300 |a 755 p 
942 |c BK 
945 |d 20030228 00:00:00  |a cmena 
260 |a Buenos Aires  |b Paidós  |c 2002 
650 0 |a Diccionarios  |9 256200 
650 0 |a Ciencias sociales   |9 256351 
650 0 |a Crítica e interpretación   |9 255042 
583 |a last modification  |c 20030228 00:00:00  |k Rodrigo Vera 
999 |c 302806  |d 302804 
952 |0 0  |1 0  |4 0  |6 300_300000000000000_PAY_2002  |7 0  |8 X  |9 363555  |a BIBEDU  |b BIBEDU  |d 2019-11-21  |i 3880117  |o 300.3 PAY 2002  |p 3880117  |r 2023-01-13  |w 2019-11-21  |y BK_X  |k PSI